000 00668nam a2200277Ia 4500
005 20260324134523.0
008 008 260324s9999 xx 000 0 eng d
020 _a9781315702902
037 _aEBOOK
040 _aCRL
040 _beng
040 _cCRL
041 _2eng
041 _aeng
084 _qCRL
100 _aMargaret D. Stetz; Bonnie B. C. Oh
_91197127
245 0 _aLegacies of the Comfort Women of World War II
260 _bTaylor and Francis
260 _c2001
365 _a
365 _b265
856 _uhttp://www.taylorfrancis.com/books/9781315702902
942 _cEBOOK
999 _c1797314
_d1797314